| 000 | 01453nam0a2200325 i 4500 | ||
|---|---|---|---|
| 001 | RU\NLR\BIBL_A\010460966 | ||
| 005 | 20260405191418.0 | ||
| 010 |
_a9785803809302 _9500 |
||
| 021 |
_aRU _b14-49504 |
||
| 035 | _a(NILC)RuMoRGB-007517739 | ||
| 035 | _a(NLR Aleph) 010460966 | ||
| 090 |
_a9976014 _c9976014 |
||
| 100 | _a20140911d2014 um y0rusy50 ca | ||
| 101 | 0 | _arus | |
| 102 | _aRU | ||
| 105 | _aa|||z|||||||| | ||
| 200 | 1 |
_aФункциональный анализ финансовой рентабельности _eмонография _fЕ. А. Филатов _gМ-во образования и науки РФ, Иркут. гос. техн. ун-т |
|
| 210 |
_aИркутск _cИзд-во Иркутского государственного технического университета _d2014 |
||
| 215 |
_a100 с. _cил., табл. _d21 |
||
| 320 | _aБиблиогр.: с. 72-87 (192 назв.) | ||
| 606 | 1 |
_aПредприятия _xРентабельность _yРоссийская Федерация _92360259 _3RU\NLR\AUTH\661409492 |
|
| 610 | 0 | _aфинансовая рентабельность | |
| 686 | 1 | _aУ29(2) | |
| 686 | 1 | _aУ26(2)19 | |
| 700 | 1 |
_7ca _8rus _aФилатов _bЕ. А. _cканд. экон. наук _f1978- _gЕвгений Александрович _966378 _3RU\NLR\AUTH\7783450 |
|
| 801 | 0 |
_aRU _bРГБ _c20140709 _gRCR |
|
| 942 | _cBOOK | ||
| 980 | _aNBR | ||